A Level paper 1

Bibliographic Details
Main Author: Cappi, Paul
Other Authors: Collins, Mary, Shears, Peter
Format: Book
Published: London : Cavendish Publishers Ltd. , 1994
Subjects:
Law

MARC

LEADER 00000cam a2200000 7i4500
001 0000009773
002 000010641
005 20000330.0
020 |a 1874241740 
090 0 0 |a 344.2   |b SHE 
100 1 |a Cappi, Paul 
245 1 2 |a A Level paper 1   |c Ppaul Cappi and Mary Collins ; edited by Peter Shears 
260 |a London :   |b Cavendish Publishers Ltd. ,   |c 1994 
300 |a 303p. ;   |c 24cm. 
650 0 0 |a Law 
700 1 |a Collins, Mary 
700 1 |a Shears, Peter 
999 |a 047543   |b BUKU   |c PINJAMAN   |e PERPUSTAKAAN KOMUNITI PETALING JAYA